000
00262nam a22001097a 4500
082
_a
370
100
_a
Das, Kartick
_9
76585
245
_a
Changing Dynamics Of Higher Education
260
_a
Delhi
_b
Discovery Pub
_c
2016
650
_a
Education
_9
80932
942
_c
BK
999
_c
64143
_d
64143